| 000 | 00450nam a2200181Ia 4500 | ||
|---|---|---|---|
| 008 | 230711s9999||||xx |||||||||||||| ||und|| | ||
| 020 | _a978-81-8487-115-9 | ||
| 041 | _aENG | ||
| 082 |
_a547.139 _bAH-O |
||
| 100 | _aAhluwalia,V.K | ||
| 245 | 0 | _aOrganic Reaction Mechanisms | |
| 250 | _a4th Ed. | ||
| 260 |
_c2017 _aNew Delhi _bNarosa Publishing House |
||
| 300 | _a749p. | ||
| 650 | _aChemistry | ||
| 700 | _aParashar,Rakesh Kumar | ||
| 942 | _cBK | ||
| 999 |
_c7266 _d7266 |
||